[Event "Washington State-chD"]
[Site "Redmond"]
[Date "2019.02.24"]
[Round "9"]
[White "Mathews, Dan"]
[Black "Jiang, Brandon"]
[Result "0-1"]
[WhiteElo "1501"]
[BlackElo "1705"]
[PlyCount "36"]
[EventDate "2019.02.16"]
[EventType "tourn"]
[EventRounds "9"]
[EventCountry "USA"]
[SourceTitle "EXT 2023"]
[Source "ChessBase"]
[SourceDate "2022.10.05"]
[SourceVersion "1"]
[SourceVersionDate "2022.10.05"]
[SourceQuality "1"]

1. e4 e5 2. Nf3 Nc6 3. Bc4 Bc5 4. 0-0 Nf6 5. Nc3 d6 6. h3 h6 7. d3 g5 8. Nxg5 hxg5 9. Bxg5 Rg8 10. h4 Rxg5 11. hxg5 Bg4 12. Qd2 Nd4 13. g6 Nh5 14. gxf7+ Kd7 15. Qh6 Qh4 16. f8Q Rxf8 17. Qxf8 Nf3+ 18. gxf3 Qg3+ 0-1

[Event "Washington State-chD"]
[Site "Redmond"]
[Date "2019.02.23"]
[Round "6"]
[White "Mathews, Dan"]
[Black "Velea, Stephanie"]
[Result "0-1"]
[WhiteElo "1501"]
[BlackElo "1665"]
[PlyCount "59"]
[EventDate "2019.02.16"]
[EventType "tourn"]
[EventRounds "9"]
[EventCountry "USA"]
[SourceTitle "EXT 2023"]
[Source "ChessBase"]
[SourceDate "2022.10.05"]
[SourceVersion "1"]
[SourceVersionDate "2022.10.05"]
[SourceQuality "1"]

1. e4 c5 2. Nf3 d6 3. Bb5+ Nd7 4. 0-0 a6 5. Be2 Ngf6 6. d3 e6 7. b3 Be7 8. Bb2 0-0 9. Nbd2 b5 10. e5 Nd5 11. exd6 Bxd6 12. Ne4 Bc7 13. d4 cxd4 14. Qxd4 f6 15. g3 Bb7 16. c4 e5 17. Qd2 Nf4 18. gxf4 Bxe4 19. Rad1 Bc6 20. f5 Qb8 21. Nh4 e4 22. Ng2 Bxh2+ 23. Kh1 Bc7 24. Qe3 Ne5 25. Nf4 Ng4 26. Bxg4 Bxf4 27. Qh3 e3+ 28. Bf3 e2 29. Bxc6 exf1Q+ 30. Qxf1 0-1

[Event "Washington State-chD"]
[Site "Redmond"]
[Date "2019.02.23"]
[Round "7"]
[White "Yan, Jeffrey Oliver"]
[Black "Mathews, Dan"]
[Result "1/2-1/2"]
[WhiteElo "1755"]
[BlackElo "1501"]
[PlyCount "166"]
[EventDate "2019.02.16"]
[EventType "tourn"]
[EventRounds "9"]
[EventCountry "USA"]
[SourceTitle "EXT 2023"]
[Source "ChessBase"]
[SourceDate "2022.10.05"]
[SourceVersion "1"]
[SourceVersionDate "2022.10.05"]
[SourceQuality "1"]

1. e4 e6 2. d4 d5 3. Nd2 dxe4 4. Nxe4 Nf6 5. Bd3 Be7 6. Nf3 0-0 7. 0-0 Nxe4 8. Bxe4 Bf6 9. c3 g6 10. Bh6 Re8 11. Qb3 c6 12. Rad1 Qb6 13. Ne5 Qxb3 14. axb3 Nd7 15. Nc4 Nb6 16. f4 Nxc4 17. bxc4 Bd7 18. Ra1 a6 19. c5 Rad8 20. Kf2 Bc8 21. Ke3 Bg7 22. Bxg7 Kxg7 23. g4 f6 24. Kd3 Re7 25. h4 e5 26. f5 Rde8 27. g5 gxf5 28. Bxf5 fxg5 29. Bxc8 Rxc8 30. Rg1 h6 31. hxg5 h5 32. Raf1 exd4 33. cxd4 Rce8 34. g6 h4 35. Rf4 Rh8 36. Rh1 h3 37. Rf3 h2 38. Rf2 Rh3+ 39. Kd2 Kxg6 40. Rhxh2 Rxh2 41. Rxh2 Kf6 42. Rh6+ Kf5 43. Kd3 Rg7 44. b3 Rd7 45. Kc4 a5 46. Rh8 Ke4 47. Re8+ Kf5 48. Kd3 Rg7 49. Rf8+ Ke6 50. Ke4 Rh7 51. Ra8 Rh1 52. Rxa5 Re1+ 53. Kd3 Kd7 54. Ra8 Rd1+ 55. Kc3 Rc1+ 56. Kd2 Rg1 57. Rf8 Rg3 58. Rf7+ Kc8 59. Kc2 Re3 60. Rf4 Kb8 61. Kb2 Ka7 62. Rf7 Ka6 63. Ka3 Rd3 64. Rd7 b6 65. Rd6 Kb5 66. Kb2 bxc5 67. dxc5 Rf3 68. Rd4 Kxc5 69. Rc4+ Kb5 70. Ka3 c5 71. Rh4 Kc6 72. Rh5 Kb6 73. Ka4 Rf4+ 74. Ka3 Kb5 75. Re5 Rd4 76. Re6 Rd7 77. Kb2 Rg7 78. Rd6 Rg2+ 79. Kc3 Rg3+ 80. Rd3 Rxd3+ 81. Kxd3 Kb4 82. Kc2 c4 83. bxc4 Kxc4 1/2-1/2

[Event "Washington State-chD"]
[Site "Redmond"]
[Date "2019.02.17"]
[Round "3"]
[White "Velea, Sophie"]
[Black "Mathews, Dan"]
[Result "1-0"]
[WhiteElo "1629"]
[BlackElo "1501"]
[PlyCount "29"]
[EventDate "2019.02.16"]
[EventType "tourn"]
[EventRounds "9"]
[EventCountry "USA"]
[SourceTitle "EXT 2023"]
[Source "ChessBase"]
[SourceDate "2022.10.05"]
[SourceVersion "1"]
[SourceVersionDate "2022.10.05"]
[SourceQuality "1"]

1. e4 g6 2. d4 Bg7 3. Nc3 d6 4. f4 Nd7 5. Nf3 e6 6. Bd3 Ne7 7. 0-0 c6 8. f5 Nf6 9. e5 dxe5 10. dxe5 Qb6+ 11. Kh1 Ng4 12. f6 Nf2+ 13. Rxf2 Qxf2 14. fxg7 Rg8 15. Ne4 1-0

[Event "Washington State-chD"]
[Site "Redmond"]
[Date "2019.02.16"]
[Round "2"]
[White "Mathews, Dan"]
[Black "Baxter, Brent Lee"]
[Result "1/2-1/2"]
[WhiteElo "1501"]
[BlackElo "1786"]
[PlyCount "108"]
[EventDate "2019.02.16"]
[EventType "tourn"]
[EventRounds "9"]
[EventCountry "USA"]
[SourceTitle "EXT 2023"]
[Source "ChessBase"]
[SourceDate "2022.10.05"]
[SourceVersion "1"]
[SourceVersionDate "2022.10.05"]
[SourceQuality "1"]

1. e4 d5 2. exd5 Qxd5 3. Qf3 Nf6 4. Qxd5 Nxd5 5. c3 e5 6. g3 c6 7. Bg2 Nd7 8. Bxd5 cxd5 9. d4 Bd6 10. Ne2 b6 11. 0-0 Ba6 12. Re1 0-0 13. Be3 Rfe8 14. Nd2 Rac8 15. Nf3 f6 16. Kg2 b5 17. a3 Bb7 18. Kg1 a6 19. Rad1 Nf8 20. h4 Ne6 21. Nh2 a5 22. f4 exf4 23. Nxf4 b4 24. axb4 axb4 25. Bd2 bxc3 26. bxc3 Bxf4 27. gxf4 Ba6 28. f5 Nc7 29. Nf1 Kf7 30. Rxe8 Rxe8 31. Ng3 Bc8 32. Ra1 Nb5 33. Ra5 Bd7 34. Kf2 Bc6 35. Ra6 Rc8 36. h5 Bd7 37. Ra5 Ke7 38. Ne2 Kd6 39. Nf4 Nc7 40. h6 gxh6 41. Nh5 Ke7 42. Nf4 Bc6 43. Rc5 Kd7 44. Nh5 Ne8 45. Bxh6 Ke7 46. Bf4 Bd7 47. Rxd5 Rxc3 48. Ng3 Bc6 49. Rc5 Rf3+ 50. Ke2 Rxf4 51. Rxc6 Rxd4 52. Ke3 Rd6 53. Rc8 Ra6 54. Ne4 Ra7 1/2-1/2

[Event "Clark Harmon Memorial 8th"]
[Site "Seattle"]
[Date "2014.05.03"]
[Round "3"]
[White "Jiang, Peiqi"]
[Black "Mathews, Dan"]
[Result "1-0"]
[WhiteElo "1691"]
[BlackElo "1805"]
[PlyCount "82"]
[EventDate "2014.05.03"]
[EventType "swiss"]
[EventRounds "5"]
[EventCountry "USA"]
[SourceTitle "EXT 2017"]
[Source "ChessBase"]
[SourceDate "2016.10.25"]
[SourceVersion "1"]
[SourceVersionDate "2016.10.25"]
[SourceQuality "1"]

1. f4 d5 2. Nf3 Nc6 3. g3 Nf6 4. Bg2 e6 5. d3 Bd6 6. 0-0 h5 7. Nc3 Bd7 8. e4 dxe4 9. dxe4 Bc5+ 10. Kh1 Ng4 11. Qe2 h4 12. Nxh4 Rxh4 13. gxh4 Qxh4 14. h3 Nf2+ 15. Kh2 0-0-0 16. Nd1 Nxd1 17. Rxd1 e5 18. f5 Bf2 19. c3 Qg3+ 20. Kh1 Rh8 21. Qd3 Qxd3 22. Rxd3 g6 23. fxg6 fxg6 24. Kh2 Bh4 25. Bd2 g5 26. Be3 Be6 27. b3 g4 28. hxg4 Bxg4 29. Bh3 Bxh3 30. Kxh3 Be7+ 31. Kg2 Rh4 32. Kf3 Rh3+ 33. Ke2 Bh4 34. Rf1 b6 35. Bg1 Rh1 36. Bf2 Rh2 37. Rf3 Ne7 38. Rg1 Bxf2 39. Rxf2 Rh3 40. Kd2 Rh4 41. Re2 Nc6 1-0

[Event "Washington State Invitational"]
[Site "Seattle"]
[Date "2011.02.12"]
[Round "2"]
[White "Xing, Casey"]
[Black "Mathews, Dan"]
[Result "1-0"]
[WhiteElo "1887"]
[BlackElo "1820"]
[PlyCount "57"]
[EventDate "2011.02.12"]
[EventType "tourn"]
[EventRounds "9"]
[EventCountry "USA"]
[SourceTitle "EXT 2017"]
[Source "ChessBase"]
[SourceDate "2016.10.25"]
[SourceVersion "1"]
[SourceVersionDate "2016.10.25"]
[SourceQuality "1"]

1. d4 d5 2. c4 e6 3. Nc3 Nf6 4. Nf3 Be7 5. Bf4 0-0 6. e3 a6 7. Rc1 c6 8. Bd3 dxc4 9. Bxc4 Nd5 10. Bg3 Nxc3 11. bxc3 Nd7 12. 0-0 b5 13. Bd3 Bb7 14. Qc2 g6 15. Qe2 c5 16. e4 c4 17. Bb1 a5 18. Nd2 Ba6 19. e5 Nb6 20. Qg4 b4 21. Ne4 Nd5 22. h4 bxc3 23. h5 Kg7 24. Nc5 Bxc5 25. dxc5 f5 26. exf6+ Qxf6 27. hxg6 hxg6 28. Rfe1 Kh7 29. Rxe6 1-0

[Event "Washington op Premier"]
[Site "Redmond"]
[Date "2010.05.31"]
[Round "5"]
[White "Mathews, Dan"]
[Black "Leslie, Cameron D"]
[Result "0-1"]
[WhiteElo "1726"]
[BlackElo "1810"]
[PlyCount "29"]
[EventDate "2010.05.29"]
[EventType "swiss"]
[EventRounds "6"]
[EventCountry "USA"]
[SourceTitle "EXT 2017"]
[Source "ChessBase"]
[SourceDate "2016.10.25"]
[SourceVersion "1"]
[SourceVersionDate "2016.10.25"]
[SourceQuality "1"]

1. e4 Nf6 2. e5 Nd5 3. c4 Nb6 4. d4 d5 5. exd6 cxd6 6. Nc3 g6 7. Nf3 Bg7 8. Be3 0-0 9. h3 e5 10. Be2 exd4 11. Bxd4 Bxd4 12. Nxd4 a6 13. 0-0 Nc6 14. Qd2 Nxd4 15. Qxd4 0-1

[Event "Washington op Premier"]
[Site "Redmond"]
[Date "2010.05.31"]
[Round "6"]
[White "Mathews, Dan"]
[Black "Zarate, Cristian"]
[Result "1/2-1/2"]
[WhiteElo "1726"]
[BlackElo "1874"]
[PlyCount "48"]
[EventDate "2010.05.29"]
[EventType "swiss"]
[EventRounds "6"]
[EventCountry "USA"]
[SourceTitle "EXT 2017"]
[Source "ChessBase"]
[SourceDate "2016.10.25"]
[SourceVersion "1"]
[SourceVersionDate "2016.10.25"]
[SourceQuality "1"]

1. e4 c5 2. Nf3 d6 3. d4 cxd4 4. Nxd4 Nf6 5. Nc3 a6 6. Bg5 Qb6 7. Bxf6 gxf6 8. Nb3 h5 9. Nd5 Qd8 10. Qd4 Nc6 11. Qb6 Qxb6 12. Nxb6 Rb8 13. 0-0-0 Rg8 14. f3 Be6 15. Nd5 Bh6+ 16. Kb1 Kd7 17. c4 b5 18. c5 Bxd5 19. exd5 Ne5 20. c6+ Kc7 21. Nd4 Rbe8 22. a4 bxa4 23. g3 Be3 24. Be2 e6 1/2-1/2

[Event "Washington Challengers Cup"]
[Site "Seattle"]
[Date "2009.12.12"]
[Round "1"]
[White "Mathews, Dan"]
[Black "McMillan, Charles Stuart"]
[Result "0-1"]
[WhiteElo "1781"]
[BlackElo "2063"]
[PlyCount "70"]
[EventDate "2009.12.12"]
[EventType "swiss"]
[EventRounds "4"]
[EventCountry "USA"]
[SourceTitle "EXT 2017"]
[Source "ChessBase"]
[SourceDate "2016.10.25"]
[SourceVersion "1"]
[SourceVersionDate "2016.10.25"]
[SourceQuality "1"]

1. Nf3 Nf6 2. g3 g6 3. Bg2 Bg7 4. 0-0 0-0 5. d4 d6 6. Re1 c5 7. dxc5 dxc5 8. Qxd8 Rxd8 9. Nc3 Nc6 10. a3 Bg4 11. Be3 Nd4 12. Bxd4 cxd4 13. Nd1 Nd5 14. h3 Be6 15. Rc1 Rac8 16. e3 dxe3 17. fxe3 Bh6 18. Kf2 Nf6 19. Nc3 Rxc3 20. bxc3 Ne4+ 21. Kg1 Nxc3 22. Nd4 Rxd4 23. exd4 Bxc1 24. Bxb7 Bxa3 25. Ra1 Bb2 26. Rxa7 Ne2+ 27. Kg2 Nxd4 28. Be4 f5 29. Bd3 Kf7 30. c4 Nc6 31. Rc7 Ne5 32. Be2 Bd4 33. c5 Bd5+ 34. Kh2 Bc6 35. Bc4+ Kf6 0-1

[Event "Washington State Invitational"]
[Site "Redmond"]
[Date "2009.02.08"]
[Round "3"]
[White "Watts, Peter Owen"]
[Black "Mathews, Dan"]
[Result "1-0"]
[WhiteElo "1935"]
[BlackElo "1839"]
[PlyCount "125"]
[EventDate "2009.02.07"]
[EventType "tourn"]
[EventRounds "9"]
[EventCountry "USA"]
[SourceTitle "EXT 2017"]
[Source "ChessBase"]
[SourceDate "2016.10.25"]
[SourceVersion "1"]
[SourceVersionDate "2016.10.25"]
[SourceQuality "1"]

1. d4 e6 2. c4 Be7 3. e4 d5 4. exd5 exd5 5. Nc3 Nf6 6. cxd5 Nxd5 7. Qf3 Nxc3 8. bxc3 0-0 9. Bc4 Bf6 10. Ne2 Nc6 11. 0-0 Ne7 12. Ba3 c6 13. Rfe1 Re8 14. Nf4 Nf5 15. Nh5 Be6 16. Rxe6 Rxe6 17. Qxf5 g6 18. Nxf6+ Rxf6 19. Qe5 Rf5 20. Qe7 Qxe7 21. Bxe7 Re8 22. Bd6 b5 23. Bd3 Rd5 24. Bc5 a6 25. Kf1 f5 26. c4 Rd7 27. cxb5 axb5 28. a4 Ra8 29. a5 Ra6 30. Bb6 Rb7 31. Rc1 Rbxb6 32. axb6 Rxb6 33. Rb1 Kf7 34. d5 cxd5 35. Rxb5 Rd6 36. Rb7+ Kf6 37. Rxh7 Ke5 38. Rc7 Kd4 39. Ke2 Rb6 40. Kd2 Rb2+ 41. Bc2 Rb6 42. h4 Ke5 43. h5 gxh5 44. Rf7 Rh6 45. Rxf5+ Ke6 46. Rg5 Rh8 47. Bb3 h4 48. Rxd5 Kf6 49. Rd6+ Kg5 50. Be6 Rf8 51. Ke3 Re8 52. f4+ Kf6 53. f5 Rh8 54. Kf4 h3 55. g4 Ke7 56. Rd7+ Ke8 57. Rc7 Rh6 58. g5 Rh4+ 59. Kg3 h2 60. f6 Rh3+ 61. Kg4 Rh4+ 62. Kf5 Rf4+ 63. Kxf4 1-0